| 000 | 00369nam a2200157Ia 4500 | ||
|---|---|---|---|
| 008 | 230917s9999||||xx |||||||||||||| ||und|| | ||
| 020 | _cRS375 | ||
| 040 |
_e33613 _aMAIN |
||
| 041 | _aEnglish | ||
| 082 | _a301.35 S13S | ||
| 100 | _aNahar, U R, ed. | ||
| 245 | 0 | _aSociology of rural development | |
| 260 |
_aJaipur _bRawat _c1995 |
||
| 300 | _a272 p. | ||
| 942 | _cBK | ||
| 999 |
_c107335 _d107335 |
||